00331nam a2200121Ia 4500008004100000041000800041082001400049100002100063245004400084260003900128300003000167365001200197240624s9999 xx 000 0 und d aeng a338.4 BOO aBOOKMAN MILICA Z aMEDICAL TOURISM IN DEVELOPING COUNTRIES c2007aNew YorkbPalgrave Macmillan axi, : 245 : p. : cm. ; 21 cERUb50